01563nam a2200349 a 4500001001000000003000500010005001700015008004100032010001100073011001100084040000900095090001000104100003800114245018700152260004100339500006000380502012200440590004100562590004000603590004000643650004500683650003000728650003400758650003300792856007000825901000700895942001000902942000600912999001900918952013600937952014001073000111019CHAP20220329144154.0141125s2014 mx sm |||||||spa d a107481 a108453 cCHAP aTesis1 aLópez López, Gilberto912881010aAnálisis y diseño de la producción de jitomate en invernadero "producto de los Altos S.P.R. DE R.L.", Tzutzben, Larráinzar, Chis.h[En línea]cpor Gilberto López López. aChapingo, Méx. :bEl autor,c2014. aPara ver el contenido del material haga clic en la liga aTesis (Lic.en Administración de Empresas Agropecuarias)-- UACH. División de Ciencias Económico- Administrativas aE11695DGDb10c20141125lUCH01h1412 aE5765TAJb05c20141125lUCH01h1137 aE5765TAJb05c20141125lUCH01h113714aTomatexCultivos en invernadero.911370414aTomatexMercadeo.911373814aTomatexProducción.912534614aTomatexRendimiento.9113761 aFinding aiduhttp://10.13.5.2/tesis/sist111019.pdfzTeclea aquí aBK cTESIS n0 c107481d107481 00104054718TESISaBCbBCd2014-11-25fTESISl0oTesisp33724002432884r2019-12-31 00:00:00w2019-12-31yTESISzRecien adquirido 00102local4053708TESISaBCbBCcPA_TESISd2014-11-25fTESISl0oTesisp33724002432926r2019-12-31 00:00:00tc.2w2019-12-31yTESIS